01401nam a2200193 a 450000100060000000300090000600800410001502000150005604000280007108200160009910000530011524500430016825000060021126000260021730000140024350509170025765000160117465000170119014850CO-ViMGA141112s2004 ck r 000 u spa d a9589356060 aCO-ViMGAbspacCO-ViMGA04a639.3 I577f1 aInstituto nacional de pesca y acuicultura.INPA, 10aFundamentos de acuicultura continental a2 aBtá, cInpa, c2001 a423.p.il. aIntroducción, historia. Proyectos en acuicultura La calidad del agua y la productividad de un estanque en acuicultura Construcción de estanques Nutrición y alimentación de peces Enfermedades de los peces en cultivos Bases fisiológicas de la reproducción de peces tropicales Citogenética aplicada a peces Manipulación cromosómica aplicada a la piscicultura Mejoramiento genetico en acuicultura Criopreservación de esperma de peces Cultivo de camarón de agua dulce (Macrobrachium rosembergii)Cultivo de las Tilapias rojas (Oreochromis spp)y Plateada (Oreochromis niloticus)Cultivo de la trucha arcoiris El cultivo de la cachama Cultivo de peces ornamentales Cultivos de peces en jaulas Policultivos y cultivos de peces en corrales Piscicultura integrada a otras actividades agropecuarias Parámetros tecnicos y economicos para un proyecto piscicola rentable, (trucha, tilapia roja y cachama)14aACUICULTURA14aPISCICULTURA